DENTAL TECHNICIAN : DENTAL MATERIALS,ANATOMY AND MECHANICS FOR DENTAL AUXILIARIES (Record no. 2765)

MARC details
000 -LEADER
fixed length control field 00413nam a2200145Ia 4500
008 - FIXED-LENGTH DATA ELEMENTS--GENERAL INFORMATION
fixed length control field 150201s2002 xx 000 0 und d
082 ## - DEWEY DECIMAL CLASSIFICATION NUMBER
Classification number 617.6
Item number T2002S
100 ## - MAIN ENTRY--PERSONAL NAME
Personal name SYED SALATULLA
245 ## - TITLE STATEMENT
Title DENTAL TECHNICIAN : DENTAL MATERIALS,ANATOMY AND MECHANICS FOR DENTAL AUXILIARIES
250 ## - EDITION STATEMENT
Edition statement 1ST
260 ## - PUBLICATION, DISTRIBUTION, ETC. (IMPRINT)
Name of publisher, distributor, etc. PARAS PUBLISHING
Place of publication, distribution, etc. HYDERABAD
Date of publication, distribution, etc. 2002
300 ## - PHYSICAL DESCRIPTION
Extent 1-298
650 ## - SUBJECT ADDED ENTRY--TOPICAL TERM
Topical term or geographic name as entry element DENTAL MATERIAL
942 ## - ADDED ENTRY ELEMENTS (KOHA)
Source of classification or shelving scheme Dewey Decimal Classification
Koha item type Books
Holdings
Withdrawn status Lost status Source of classification or shelving scheme Damaged status Not for loan Home library Current library Date acquired Source of acquisition Cost, normal purchase price Serial Enumeration / chronology SGTU Bill Number Total Checkouts Full call number Barcode Date last seen Bill Date Koha item type
    Dewey Decimal Classification     SGT Dental Library SGT Dental Library 13/07/2003 U.B.S.DELHI 165.00 1 SGTU 279   617.6 T2002S FD1213 09/02/2015 17/02/2012 Books
    Dewey Decimal Classification     SGT Dental Library SGT Dental Library 13/07/2003 U.B.S.DELHI 165.00 1 SGTU 279   617.6 T2002S FD1214 09/02/2015 17/02/2012 Books